000
00301nam a2200133Ia 4500
005
20251222143228.0
008
251222s9999||||xx |||||||||||||| ||spa||
020
_a
84-7053-088-7
082
_a
851.91/M84
100
_a
Montale, Eugenio
245
0
_a
Huesos de Sepia
264
_b
Visor
942
_c
LIB
999
_c
14070
_d
14070